Serie A/B & Lega Pro Italia 2016/2017 - Statistics

Statistiche generali
  • Questo quiz è stato fatto 563 volte
    556 dall'ultimo reset
  • Il punteggio medio è 60 su 102
Statistiche sulle risposte
Regione/Region Campionato Squadra/Team % Corretto
Piemonte A Juventus
97%
Inter
96%
Milan
96%
Torino
96%
Lombardia A Atalanta
91%
Liguria A Genoa
91%
Emilia-Romagna A Bologna
90%
Fiorentina
89%
Campania A Napoli
89%
Roma
89%
Sampdoria
89%
Veneto A Chievo Verona
88%
Lazio A Lazio
88%
Friuli-Venezia-Giulia A Udinese
87%
Hellas Verona
86%
Sicilia A Palermo
86%
Puglia B Bari
85%
Sardegna A Cagliari
84%
B Brescia
83%
Parma
83%
Sassuolo
81%
Venezia
81%
Catania
80%
Calabria A Crotone
80%
B Frosinone
80%
Umbria B Perugia
80%
Lecce
79%
Benevento
77%
Abruzzo A Pescara
77%
Pro Vercelli
77%
Salernitana
77%
Toscana A Empoli
76%
Lega Pro Alessandria
74%
B Pisa
74%
Vicenza
73%
B Novara
72%
SPAL
72%
B Spezia
72%
B Avellino
71%
Padova
71%
Livorno
70%
Messina
70%
Modena
70%
Reggina
70%
Foggia
69%
Latina
69%
Lega Pro Pordenone
69%
Ternana
68%
Como
67%
Lega Pro Ancona
66%
Marche B Ascoli
66%
Piacenza
66%
Reggiana
64%
Lega Pro Catanzaro
63%
Cesena
63%
Basilicata Lega Pro Matera
63%
Robur Siena
63%
B Trapani
63%
Cosenza
62%
Cremonese
61%
Taranto
61%
Virtus Entella
59%
Mantova
57%
Trentino-Alto-Adige Lega Pro Südtirol
54%
Lega Pro Arezzo
53%
B Carpi
52%
Lega Pro Olbia
52%
B Cittadella
51%
Pistoiese
49%
Prato
49%
Lega Pro Casertana
47%
Lucchese
46%
Siracusa
46%
Carrarese
45%
Juve Stabia
44%
Lega Pro Teramo
43%
Lega Pro Fidelis Andria
41%
Viterbese
41%
Lega Pro Albinoleffe
38%
Lega Pro Forlì
38%
Lega Pro Gubbio
35%
Vibonese
27%
Sambenedettese
25%
Lega Pro Akragas
24%
Maceratese
24%
Monopoli
24%
Lupa Roma
22%
Fano
21%
Giana Erminio
21%
Feralpisalò
20%
Pro Piacenza
19%
Renate
19%
Lega Pro Bassano Virtus
17%
Pontedera
17%
Lumezzane
16%
Melfi
15%
Paganese
15%
Virtus Francavilla
15%
Santarcangelo
13%
Tuttocuoio
12%
Lega Pro Fondi
11%
Racing Roma
9%
Nessun quiz corrispondente trovato
Distribuzione punteggi
Percentuale di utenti per punteggio
Percentile per numero di risposta
I tuoi punteggi nel tempo
Non hai fatto questo quiz dall'ultimo reset